Inside the stars (Record no. 10965)

MARC details
000 -LEADER
fixed length control field 00669nam a2200205Ia 4500
003 - CONTROL NUMBER IDENTIFIER
control field IN-BaIIA
008 - FIXED-LENGTH DATA ELEMENTS--GENERAL INFORMATION
fixed length control field 211028s9999 xx 000 0 eng d
020 ## - INTERNATIONAL STANDARD BOOK NUMBER
International Standard Book Number 0-937707-59-7
040 ## - CATALOGING SOURCE
Transcribing agency IIA Library
080 ## - UNIVERSAL DECIMAL CLASSIFICATION NUMBER
Universal Decimal Classification number 082.2:52
Item number ASP-40
245 #0 - TITLE STATEMENT
Title Inside the stars
Statement of responsibility, etc. edited by W. W. Weiss and Baglin, Annie
260 ## - PUBLICATION, DISTRIBUTION, ETC.
Place of publication, distribution, etc. San Francisco
Name of publisher, distributor, etc. Astronomical Society of the Pacific
Date of publication, distribution, etc. 1992
300 ## - PHYSICAL DESCRIPTION
Extent xxvii, 822p.
490 ## - SERIES STATEMENT
Series statement ASP conference series; v. 40
650 ## - SUBJECT ADDED ENTRY--TOPICAL TERM
Topical term or geographic name entry element Astronomy and astrophysics thesaurus
650 ## - SUBJECT ADDED ENTRY--TOPICAL TERM
Topical term or geographic name entry element Stars
700 ## - ADDED ENTRY--PERSONAL NAME
Personal name Baglin, Annie, ed.
9 (RLIN) 18738
700 ## - ADDED ENTRY--PERSONAL NAME
Personal name Weiss, W. W., ed.
9 (RLIN) 18739
942 ## - ADDED ENTRY ELEMENTS (KOHA)
Koha item type Books
952 ## - LOCATION AND ITEM INFORMATION (KOHA)
-- 40.00
Holdings
Withdrawn status Lost status Damaged status Not for loan Home library Current library Shelving location Date acquired Total Checkouts Full call number Barcode Date last seen Price effective from Koha item type
        IIA Library-Bangalore IIA Library-Bangalore General Stacks 17/03/1994   082.2:52/ ASP-40 11878 05/11/2021 17/03/1994 Books

Powered by Koha